00426nam a22001097a 4500008004100000050001300041245013300054260006300187300001700250800002600267800002300293160908b xxu||||| |||| 00| 0 eng d a557/2009 aJob satisfaction and organizational effectiveness: A case study of Vodafone Ghana. /cOkorie Chinaemeucheya and Arthur Benedicta aAccra:bWisconsin International University College,c2009. avarious pgs: aOkorie, Chaemeucheya. aArthur, Benedicta.